书目信息 |
| 题名: |
土木工程材料
|
|
| 作者: | 余丽武 主编 | |
| 分册: | ||
| 出版信息: | 南京 东南大学出版社 2014 |
|
| 页数: | 349页 | |
| 开本: | 26cm | |
| 丛书名: | ||
| 单 册: | ||
| 中图分类: | TU5 | |
| 科图分类: | ||
| 主题词: | 土木工程--建筑材料--高等学校--教材 | |
| 电子资源: | ||
| ISBN: | 978-7-5641-4912-3 | |
| 000 | 00923nam0 2200241 450 | |
| 001 | 141258 | |
| 005 | 20141106162919.15 | |
| 010 | @a978-7-5641-4912-3@dCNY 49.00 | |
| 100 | @a20141015d2014 em y0chiy50 ea | |
| 101 | 0 | @achi |
| 102 | @aCN@b320000 | |
| 105 | @aa z 000yy | |
| 200 | 1 | @a土木工程材料@9tu mu gong cheng cai liao@b专著@f余丽武主编 |
| 205 | @a2版 | |
| 210 | @a南京@c东南大学出版社@d2014 | |
| 215 | @a349页@c图@d26cm | |
| 300 | @a高等学校土木建筑专业应用型本科系列规划教材 | |
| 330 | @a本书以无机胶凝材料、混凝土和砂浆、钢材、沥青及沥青混合料为重点,分别介绍了这些土木工程材料的性能和应用,同时还介绍了木材、合成高分子材料、墙体材料以及功能材料等。此外,还介绍了常用的土木工程材料的质量检测试验方法,以及新型土木工程材料的基本知识。 | |
| 606 | 0 | @a土木工程@x建筑材料@x高等学校@j教材 |
| 690 | @aTU5@v5 | |
| 701 | 0 | @a余丽武@9yu li wu@4主编 |
| 801 | 0 | @aCN@bZL@c20141106 |
| 905 | @a241430@dTU5@eY760=2 | |
| 土木工程材料/余丽武主编.-2版.-南京:东南大学出版社,2014 |
| 349页:图;26cm |
| 高等学校土木建筑专业应用型本科系列规划教材 |
| ISBN 978-7-5641-4912-3:CNY 49.00 |
| 本书以无机胶凝材料、混凝土和砂浆、钢材、沥青及沥青混合料为重点,分别介绍了这些土木工程材料的性能和应用,同时还介绍了木材、合成高分子材料、墙体材料以及功能材料等。此外,还介绍了常用的土木工程材料的质量检测试验方法,以及新型土木工程材料的基本知识。 |
| ● |
| 相关链接 |
|
|
|
正题名:土木工程材料
索取号:TU5/Y760=2
 
预约/预借
| 序号 | 登录号 | 条形码 | 馆藏地/架位号 | 状态 | 备注 |
| 1 | 0837390 | 208373909 | 建筑库201/201建筑库 3排1列4层/ [索取号:TU5/Y760=2] | 在馆 | |
| 2 | 0837391 | 208373918 | 建筑库201/201建筑库 3排1列4层/ [索取号:TU5/Y760=2] | 在馆 | |
| 3 | 0837392 | 208373927 | 建筑库201/201建筑库 3排1列4层/ [索取号:TU5/Y760=2] | 在馆 |